| Tag |
First Indicator |
Second Indicator |
Subfields |
| LEADER |
00000pam a22000004a 4500 |
| 001 |
in00004501302 |
| 005 |
20211001143811.0 |
| 008 |
050115s2005 maua f 001 0 eng |
| 010 |
|
|
|a 2005001189
|
| 020 |
|
|
|a 1405120398 (alk. paper)
|
| 024 |
3 |
|
|a 9781405120395
|
| 035 |
|
|
|a (OCoLC)ocm57465536
|
| 035 |
|
|
|z (UtOrBLW)39267
|
| 035 |
|
|
|a 56714
|
| 040 |
|
|
|a DNLM/DLC
|c DLC
|d YDX
|d NLM
|d TMV
|d UtOrBLW
|
| 042 |
|
|
|a pcc
|
| 049 |
|
|
|a TMVM
|c 1
|
| 060 |
1 |
0 |
|a WL 39
|b B575n 2005
|
| 100 |
1 |
|
|a Bhidayasiri, Roongroj.
|
| 245 |
1 |
0 |
|a Neurological differential diagnosis :
|b a prioritized approach /
|c Roongroj Bhidayasiri, Michael F. Waters, Christopher C. Giza.
|
| 264 |
|
1 |
|a Malden, Mass. :
|b Blackwell Pub.,
|c 2005.
|
| 300 |
|
|
|a xviii, 542 pages :
|b illustrations ;
|c 24 cm.
|
| 336 |
|
|
|a text
|2 rdacontent
|b txt
|
| 337 |
|
|
|a unmediated
|2 rdamedia
|
| 338 |
|
|
|a volume
|2 rdacarrier
|b nc
|
| 500 |
|
|
|a Includes index.
|
| 650 |
|
2 |
|a Nervous System Diseases
|x diagnosis.
|
| 650 |
|
2 |
|a Diagnostic Techniques, Neurological.
|
| 655 |
|
2 |
|a Handbook.
|
| 700 |
1 |
|
|a Waters, Michael F.
|
| 700 |
1 |
|
|a Giza, Christopher C.,
|d 1965-
|
| 999 |
|
|
|a MARS
|
| 999 |
f |
f |
|s 8c1084ed-86ca-31a6-8500-5b691a314316
|i b3fc66f9-80e6-3690-b444-1e8b89eb6a4b
|t 0
|
| 952 |
f |
f |
|p ric
|a Texas A&M University
|b Rellis Campus
|c Joint Library Facility
|d Remote Storage
|t 0
|e WL 39 B575n 2005
|h National Library of Medicine classification
|i unmediated -- volume
|m 3238901891708
|
| 998 |
f |
f |
|a WL 39 B575n 2005
|t 0
|l Remote Storage
|